Top 10 U.S. States with the Most Starbucks - Statistics

General Stats
  • This quiz has been taken 30 times
  • The average score is 9 of 10
Answer Stats
# Locations U.S. State % Correct
694 Florida
100%
645 New York
100%
2,881 California
96%
1,042 Texas
96%
575 Illinois
92%
757 Washington
88%
488 Arizona
85%
378 Ohio
85%
481 Colorado
77%
432 Virginia
69%
No matching quizzes found
Score Distribution
Percent of People with Each Score
Percentile by Number Answered
Your Score History
You have not taken this quiz